[Event "Pinneberg-ch"]
[Site "Pinneberg"]
[Date "2004.09.09"]
[Round "5"]
[White "Ridinger, Peter"]
[Black "Tente, Guenther"]
[Result "1-0"]
[WhiteElo "2013"]
[BlackElo "1440"]
[PlyCount "49"]
[EventDate "2004.08.12"]
[EventType "swiss"]
[EventRounds "7"]
[EventCountry "GER"]
[SourceTitle "EXT 2005"]
[Source "ChessBase"]
[SourceDate "2004.11.15"]
[SourceVersion "1"]
[SourceVersionDate "2004.11.15"]
[SourceQuality "1"]

1. e4 c5 2. Nc3 a6 3. g3 Nc6 4. Bg2 g6 5. d3 Bg7 6. Be3 b6 7. Qd2 e6 8. Nge2 Nge7 9. Bh6 0-0 10. h4 d5 11. h5 d4 12. Nd1 e5 13. hxg6 fxg6 14. Bxg7 Kxg7 15. Qh6+ Kf6 16. Qxh7 Bd7 17. Qh4+ g5 18. Qh6+ Ng6 19. Rh5 g4 20. Qg5+ Kg7 21. Qh6+ Kf6 22. Rf5+ Bxf5 23. exf5 Rc8 24. Qxg6+ Ke7 25. Qe6# 1-0

[Event "Pinneberg op Seniors 05th"]
[Site "Pinneberg"]
[Date "2004.07.01"]
[Round "5"]
[White "Riedel, Siegfried"]
[Black "Tente, Guenther"]
[Result "1-0"]
[WhiteElo "1600"]
[BlackElo "1421"]
[PlyCount "137"]
[EventDate "2004.06.03"]
[EventType "swiss"]
[EventRounds "5"]
[EventCountry "GER"]
[SourceTitle "EXT 2006"]
[Source "ChessBase"]
[SourceDate "2005.11.24"]
[SourceVersion "1"]
[SourceVersionDate "2005.11.24"]
[SourceQuality "1"]

1. e4 c5 2. Nc3 Nc6 3. g3 Nf6 4. Bg2 g6 5. d3 Bg7 6. f4 d6 7. Nf3 a6 8. 0-0 0-0 9. Be3 Ng4 10. Bd2 Nd4 11. h3 Nf6 12. g4 Bd7 13. Nxd4 cxd4 14. Ne2 Qb6 15. b3 Bc6 16. Ng3 Nd7 17. Qe2 Rac8 18. Kh1 e5 19. f5 Qd8 20. g5 f6 21. h4 Kf7 22. h5 fxg5 23. fxg6+ Kg8 24. Bh3 h6 25. Be6+ Kh8 26. Rxf8+ Bxf8 27. Rf1 Qe7 28. Bc4 Nf6 29. Qf3 Bg7 30. Nf5 Qf8 31. Nxg7 Kxg7 32. Bf7 Qe7 33. Bxg5 hxg5 34. h6+ Kxh6 35. Qxf6 Qxf6 36. Rxf6 Rd8 37. Rf2 Bd7 38. Rh2+ Kg7 39. Rh7+ Kf6 40. Kg2 Be8 41. Rh8 Rc8 42. Rxe8 Rxc2+ 43. Kf3 Rxa2 44. Re6+ Kg7 45. Rxd6 Rd2 46. Rb6 Rxd3+ 47. Kf2 Rd2+ 48. Kf1 d3 49. Rxb7 Rd1+ 50. Kf2 Rd2+ 51. Ke3 Rd1 52. Be8+ Kg8 53. g7 g4 54. Bh5 Re1+ 55. Kxd3 g3 56. Bg4 Rd1+ 57. Ke2 Rd6 58. Kf1 Rg6 59. Bf5 Rxg7 60. Rxg7+ Kxg7 61. Kg2 a5 62. Kxg3 Kf7 63. Kg4 Ke7 64. Bc8 Kd6 65. Kf5 Kc7 66. Ba6 Kd6 67. Bb5 Kc5 68. Be8 Kd6 69. Ba4 1-0

[Event "Pinneberg op Seniors 05th"]
[Site "Pinneberg"]
[Date "2004.06.17"]
[Round "3"]
[White "Zimmermann, Manfred"]
[Black "Tente, Guenther"]
[Result "1-0"]
[WhiteElo "1646"]
[BlackElo "1421"]
[PlyCount "95"]
[EventDate "2004.06.03"]
[EventType "swiss"]
[EventRounds "5"]
[EventCountry "GER"]
[SourceTitle "EXT 2006"]
[Source "ChessBase"]
[SourceDate "2005.11.24"]
[SourceVersion "1"]
[SourceVersionDate "2005.11.24"]
[SourceQuality "1"]

1. e4 c5 2. Nf3 Nc6 3. d4 cxd4 4. Nxd4 Nf6 5. Nc3 g6 6. Bc4 Bg7 7. Be3 d6 8. f3 0-0 9. 0-0 a6 10. a3 Qc7 11. Ba2 b5 12. Nxc6 Qxc6 13. Nd5 Qe8 14. Nc7 Qc6 15. Nxa8 Qxa8 16. c3 Bb7 17. Qc2 Nd7 18. Rad1 Nc5 19. Kh1 Kh8 20. Qd2 Nd7 21. Rf2 Ne5 22. Bd4 f6 23. h3 Nc4 24. Bxc4 bxc4 25. Be3 g5 26. Qe2 d5 27. e5 e6 28. exf6 Bxf6 29. Bd4 Qe8 30. Re1 Bc8 31. Qd2 h6 32. Bxf6+ Rxf6 33. Qxd5 Qf8 34. Qxc4 Kg7 35. Qc7+ Kg6 36. Rd2 Rf7 37. Qb6 Rxf3 38. gxf3 Qxf3+ 39. Rg2 Qxh3+ 40. Kg1 Qd3 41. Qe3 Qb5 42. Qe4+ Kg7 43. Qe5+ Kg6 44. Qxb5 axb5 45. Rf2 Bd7 46. Re4 Bc8 47. Rb4 Bd7 48. c4 1-0